Hands-on ethical hacking and network defense (Record no. 30711)

MARC details
000 -LEADER
fixed length control field 00606nam a2200193Ia 4500
020 ## - INTERNATIONAL STANDARD BOOK NUMBER
ISBN 9780357509753
050 ## - CALL MARK
Classification number QA 76.9 .A25 .S55/
100 ## - STATEMENT OF RESPONSIBILITY--MAIN AUTHOR NAME
Personal name Simpson, Michael T.; Antill, Nicholas D.; Wilson, Robert S.
245 #0 - TITLE STATEMENT
Title Hands-on ethical hacking and network defense
250 ## - EDITION / VOLUME STATEMENT
Edition / Volume statement 4th ed.
260 ## - PUBLICATION, DISTRIBUTION, ETC. (IMPRINT)
Place of publication Australia
260 ## - PUBLICATION, DISTRIBUTION, ETC. (IMPRINT)
Name of publisher Cengage Learning
260 ## - PUBLICATION, DISTRIBUTION, ETC. (IMPRINT)
Year of publication 2021
300 ## - PHYSICAL DESCRIPTION
Number of Pages 366 p
650 ## - SUBJECT ADDED ENTRY--TOPICAL TERM
Topical Term Penetration testing (Computer security) Computer security. Computer networks--Security measures. Hackers.
942 ## - ADDED ENTRY ELEMENTS (KOHA)
Koha item type Books
Holdings
Withdrawn status Lost status Source of classification or shelving scheme Damaged status Not for loan Permanent Location Current Location Shelving location Date acquired Accession Number Price effective from Koha item type
    Library of Congress Classification     NILE UNIVERSITY OF NIGERIA - MAIN LIBRARY NILE UNIVERSITY OF NIGERIA - MAIN LIBRARY Items on shelf 04/23/2025 0196626 04/23/2025 Books